Normal view
MARC view
- Schmidt, Eric
Entry Personal Name
001 - CONTROL NUMBER
- control field: 105152
003 - CONTROL NUMBER IDENTIFIER
- control field: NUST
005 - DATE AND TIME OF LATEST TRANSACTION
- control field: 20221219091533.0
008 - FIXED-LENGTH DATA ELEMENTS
- fixed length control field: 221219|| aca||aabn | a|a d
040 ## - CATALOGING SOURCE
- Original cataloging agency: NUST
- Transcribing agency: NUST
100 ## - HEADING--PERSONAL NAME
- Personal name: Schmidt, Eric
670 ## - SOURCE DATA FOUND
- Source citation: Work cat.: (NUST)213777: Schmidt, Eric,, The new digital age :
